|
|
|
|
| LEADER |
00000nab#a22000007a#4500 |
| 001 |
arbauad026350 |
| 003 |
AR-BaUAD |
| 005 |
20250711112156.0 |
| 008 |
970410|||||||||###||||||b###|0###a|spa|| |
| 040 |
|
|
|a AR-BaUAD
|c AR-BaUAD
|b spa
|
| 100 |
|
|
|a Prandi, Lidia
|
| 245 |
|
|
|a Cambiare aria /
|c Lidia Prandi;
|
| 300 |
0 |
|
|b fot.
|
| 653 |
|
|
|a ITALIA
|
| 653 |
|
|
|a VORTICE
|
| 653 |
|
|
|a ARTEFACTOS
|
| 653 |
|
|
|a ELECTRODOMESTICOS
|
| 653 |
|
|
|a VENTILACION
|
| 653 |
|
|
|a EXTRACTORES
|
| 653 |
|
|
|a VENTILADORES
|
| 653 |
|
|
|a ACCESORIOS
|
| 653 |
|
|
|a CONTROLES REMOTO
|
| 653 |
|
|
|a DISEÑO INDUSTRIAL
|
| 773 |
0 |
|
|t MODO
|g no. 156 [mayo 1994], p. 60-61
|
| 942 |
|
|
|c ARTI
|
| 952 |
|
|
|0 0
|1 0
|4 0
|7 0
|9 71269
|a AR-BAuAD
|b AR-BAuAD
|d 2025-07-11
|l 0
|p AAQA026350
|r 2025-07-11 11:21:56
|w 2025-07-11
|y ARTI
|
| 990 |
|
|
|a DI199
|b TD
|
| 998 |
|
|
|a AAQ
|b BIBUN76
|
| 999 |
|
|
|c 50942
|d 50942
|